Reboot Reflect Revive: (Record no. 183178)

MARC details
000 -LEADER
fixed length control field 00579 a2200181 4500
005 - DATE AND TIME OF LATEST TRANSACTION
control field 20211220105340.0
010 ## - LCCN (DPL NO)
LC control number ENG-130408
020 ## - INTERNATIONAL STANDARD BOOK NUMBER
International Standard Book Number 978-93-5388-778-0
Terms of availability 495.00
035 ## - SYSTEM CONTROL NUMBER
System control number EN-113940
037 ## - SOURCE OF ACQUISITION
Source of stock number/acquisition DBAD/PUB
082 ## - DEWEY DECIMAL CLASSIFICATION NUMBER
Classification number 158.1
Item number 1
100 ## - MAIN ENTRY--PERSONAL NAME
Personal name Nihalani, Shobha
245 ## - TITLE STATEMENT
Title Reboot Reflect Revive:
Statement of responsibility, etc Shobha Nihalani
260 ## - PUBLICATION, DISTRIBUTION, ETC. (IMPRINT)
Place of publication, distribution, etc India
Name of publisher, distributor, etc Sage Publications Pvt Ltd.
Date of publication, distribution, etc 2021
270 ## - ADDRESS
Address BI/I-I Mohan Cooperative Industrial Area Mathura Road
City New Delhi
Postal code 110044
300 ## - PHYSICAL DESCRIPTION
Extent 218p.
Dimensions 21cm (pbk)
Other physical details Acknowledgement
942 ## - ADDED ENTRY ELEMENTS (KOHA)
Institution code [OBSOLETE] dpl
Item type English Books
Source of classification or shelving scheme Dewey Decimal Classification
Classification part 158.1
Call number suffix NIH
Holdings
Withdrawn status Lost status Not for loan Collection code Home library Current library Date acquired Source of acquisition Cost, normal purchase price Full call number Barcode Copy number Cost, replacement price Koha item type
      Non-fiction Mobile Library Mobile Library 20/12/2021 DBAD/PUB 495.00 158.1 NIH EN-113940 1 495.00 English Books

© Delhi Public Library
Hit Counter
free hit counter